000 00640nam a2200205 a 4500
001 23819
003 CO-ViMGA
008 141112s2004 ck r 000 u spa d
020 _a9789589949085
040 _aCO-ViMGA
_bspa
_cCO-ViMGA
082 0 4 _a658.404 C156g
100 1 _aCago Fernandez, Lago
_934493
245 1 0 _aGestion de proyectos con las tic /
_cLago Cago Fernandez
260 _aColombia :
_bIdeas Propias
300 _a120p.
650 1 4 _aADMINISTRACION DE PROYECTOS - PROGRAMAS DE COMPUTADORES
_934494
650 1 4 _aGESTION DE PROYECTOS - TECNOLOGIA DE INFORMACION
_934495
650 1 4 _aMS PROJECCT
_934496
942 _2ddc
_cBK
999 _c3583
_d3583